| 000 | 00799nam a2200229Ia 4500 | ||
|---|---|---|---|
| 003 | OSt | ||
| 005 | 20260113085600.0 | ||
| 008 | 210716s2005 xx 000 0 und d | ||
| 020 | _a9780070599890 | ||
| 040 | _cAIMIT LIBRARY | ||
| 041 | _aeng | ||
| 082 |
_a621.399 _bRATP |
||
| 100 |
_aAvgerakis, George. _9250980 |
||
| 245 |
_aDigital animation bible : _bcreating professional animation with 3ds max lightwave and maya / _cBy George Avgerakis. |
||
| 250 | _a1 | ||
| 260 |
_aNew Delhi _bTata McGraw Hill Publishing Company Ltd _c2005 |
||
| 300 |
_axviii,342 p.; _bPB _c25 cm. |
||
| 650 |
_aInvesting in the necessary equipment _9250981 |
||
| 650 |
_aMechanics of three leading animation programs _9250982 |
||
| 650 |
_aRigging and animating Characters _9250983 |
||
| 942 |
_2ddc _cBK _k621.399 RATP |
||
| 999 |
_c189254 _d189254 |
||